000 00810nam a2200241Ia 4500
003 OSt
005 20220926021632.0
006 a|||||r|||| 00| 0
007 ta
008 220923b |||||||| |||| 00| 0 eng d
037 _cGeneral Book
040 _aRTL
_cRTL
_beng
041 _2eng
_aeng
082 _aY:5:(L:5191), N6
110 _aUnited Nations, Economic and Social Information and Policy Analysis (Deptt of-)
_9297829
245 0 _aFamily planning
_b Health and family well-being
260 _aNew York
_bUnited Nations
_c1996
300 _axiv, 458p
_ccm.
650 _aFamily Planning
_9231810
700 _aUnited Nations, Economic and Social Information and Policy Analysis (Deptt of-)
_9297830
942 _hY:5:(L:5191), N6
_cGB
_2CC
999 _c637289
_d637289